| 000 | 00702 a2200193 4500 | ||
|---|---|---|---|
| 003 | Nust | ||
| 005 | 20230327113955.0 | ||
| 010 | _a 75023890 | ||
| 020 | _a0876206410 | ||
| 040 | _cNust | ||
| 082 | 0 | 0 | _a658.4034,HAR |
| 100 | 1 |
_aHartley, Ronald V. _9111443 |
|
| 245 | 1 | 0 |
_aOperations research : _ba managerial emphasis / _cRonald V. Hartley. |
| 260 |
_aPacific Palisades, Calif. : _bGoodyear Pub. Co., _cc1976. |
||
| 300 |
_axviii, 795 p. : _bill. ; _c24 cm. |
||
| 505 | _aPart 1:- Introduction Topics in Operations Research (Page-1), Part 2:- Intermediate topics in Mathematical Programming (Page-363), Part 3:- Stochastic Models (Page-577). | ||
| 650 | 0 | _aOperations research. | |
| 942 |
_2ddc _cBK |
||
| 999 |
_c184587 _d184587 |
||